M C Q'S in Biochmistry with wxplaiatory answers (Record no. 6306)

MARC details
000 -LEADER
fixed length control field 00449nam a22001817a 4500
005 - DATE AND TIME OF LATEST TRANSACTION
control field 20200520105114.0
008 - FIXED-LENGTH DATA ELEMENTS--GENERAL INFORMATION
fixed length control field 200520b xxu||||| |||| 00| 0 eng d
020 ## - INTERNATIONAL STANDARD BOOK NUMBER
ISBN 9788174733788
041 ## - LANGUAGE CODE
Language code of text/sound track or separate title eng
082 ## - DEWEY DECIMAL CLASSIFICATION NUMBER
Classification number 615.7 SHA
100 ## - MAIN ENTRY--AUTHOR NAME
Personal name Sharma ,DC
245 ## - TITLE STATEMENT
Title M C Q'S in Biochmistry with wxplaiatory answers
250 ## - EDITION STATEMENT
Edition statement 2'nd
260 ## - PUBLICATION, DISTRIBUTION, ETC. (IMPRINT)
Place of publication Delhi
Name of publisher AITB PUBLISHERS
Year of publication 2019
300 ## - PHYSICAL DESCRIPTION
Number of Pages 223, vii
650 ## - SUBJECT ADDED ENTRY--TOPICAL TERM
Topical Term Pharmacy
942 ## - ADDED ENTRY ELEMENTS (KOHA)
Koha item type Books
Holdings
Lost status Damaged status Collection code Home library Current library Shelving location Date acquired Source of acquisition Cost, normal purchase price Full call number Accession Number Koha item type
    Reference JRU Library JRU Library SHELF - 10 - C 01/06/2020 PURCHASE 185.00 615.7 SHA 24099 Books
    PHARMACY JRU Library JRU Library SHELF-17-G 01/06/2020 PURCHASE 185.00 615.7 SHA 24100 Books